| 000 | 003860000a22001570004500 | ||
|---|---|---|---|
| 001 | 000118 | ||
| 003 | MACL | ||
| 040 | _aMACL | ||
| 090 |
_c118 _d118 |
||
| 100 | _aElwin, Verrier | ||
| 245 |
_aWhen The World Was Young _bFolkT̜ales From India's Hills And Forest _cVerrier Elwin |
||
| 260 |
_aNational Book Trust, _c1995 |
||
| 350 | _a28 | ||
| 650 | _aSocial Science | ||
| 942 |
_k399 _cBook |
||
| 999 |
_c49425 _d49425 |
||